[Event "BCF-ch rapidplay 34th"]
[Site "Bingley"]
[Date "2023.04.15"]
[Round "2"]
[White "Hryshchenko, Kamila"]
[Black "Eckersley Waites, Tom"]
[Result "1-0"]
[WhiteElo "2169"]
[BlackElo "2302"]
[PlyCount "87"]
[EventDate "2023.04.15"]
[EventType "swiss (rapid)"]
[EventRounds "11"]
[EventCountry "ENG"]
[SourceTitle "CBM 213 Extra"]
[Source "ChessBase"]
[SourceDate "2023.05.31"]
[SourceVersion "1"]
[SourceVersionDate "2023.05.31"]
[SourceQuality "1"]

1. e4 c5 2. Nf3 Nc6 3. Bb5 Nf6 4. d3 g6 5. Bxc6 bxc6 6. Be3 d6 7. Nbd2 Bg7 8. c3 Rb8 9. Qc2 Ng4 10. Bg5 h6 11. Bh4 g5 12. Bg3 f5 13. exf5 Bxf5 14. Nc4 0-0 15. h4 Qe8 16. hxg5 hxg5 17. 0-0-0 Qc8 18. Rh5 Bg6 19. Rhh1 Qa6 20. a3 Qb5 21. Qe2 e5 22. Nxd6 Qb3 23. Nc4 Qa2 24. Nxg5 e4 25. Nxe4 Rb3 26. Qxg4 Bf5 27. Qg5 Bxe4 28. dxe4 Rxc3+ 29. bxc3 Qa1+ 30. Kd2 Qxc3+ 31. Ke2 Qxc4+ 32. Rd3 Qxe4+ 33. Qe3 Qg4+ 34. Kf1 c4 35. Rd2 c3 36. Re2 Qa4 37. Qe6+ Rf7 38. Qc8+ Bf8 39. Rh4 Qd1+ 40. Re1 Qd3+ 41. Kg1 c2 42. Qg4+ Bg7 43. Re8+ Rf8 44. Qe6# 1-0